under the mat - sombr (lyrics) - Statistics

General Stats
  • This quiz has been taken 48 times
  • The average score is 303 of 394
Answer Stats
Hint Answer % Correct
mat
100%
the
100%
a
97%
I
97%
under
97%
Chorus | Verse 1 She
94%
she
94%
her
91%
it
91%
me
91%
me,
91%
to
91%
we
91%
Verse 2 We
91%
you,
91%
at
88%
But
88%
but
88%
oh-oh-oh
88%
Oh-oh-oh-oh,
88%
for
88%
For
88%
oh,
88%
oh
88%
Oh,
88%
Outro Ooh-ooh-ooh-ooh
88%
saw
88%
still,
88%
still
88%
When
88%
when
88%
am
84%
and
84%
key
84%
know
84%
left
84%
no
84%
was
84%
worst,
84%
afraid
81%
of
81%
desired
78%
door,
78%
locked
78%
on
78%
that
78%
That
78%
too
78%
while,
78%
while
78%
would
78%
church,
75%
eye
75%
hate
75%
in
75%
I've
75%
lie
75%
love
75%
see
75%
act
72%
all
72%
could
72%
longer
72%
this
72%
together,
72%
watched
72%
went
72%
didn't
69%
eyes
69%
from
69%
go
69%
heads
69%
known
69%
learned
69%
passed,
69%
read
69%
start
69%
'til
69%
turned
69%
got
66%
never
66%
take
66%
tell
66%
I'm
63%
'burbs
59%
it's
59%
none
59%
politics
59%
such
59%
corner
56%
mattered
56%
be
53%
doing
53%
like
53%
my
53%
New
53%
coming
50%
fine
50%
hit
50%
mine
50%
off
50%
out
50%
until
50%
York,
50%
has
47%
July
47%
skateboard
47%
wall,
47%
again
44%
day
44%
honeymoon
44%
just
44%
made
44%
That's
44%
there,
44%
work
44%
detached
41%
hinges,
41%
into
41%
moved
41%
She'd
41%
album,
38%
felt
38%
I'll
38%
man
38%
random
38%
rode
38%
songs
38%
two
38%
us
38%
will
38%
camped
34%
lifetime
34%
moment
34%
school
34%
shoebox
34%
satisfied
28%
she'll
28%
'cause
25%
No matching quizzes found
Score Distribution
Percent of People with Each Score
Percentile by Number Answered
Your Score History
You have not taken this quiz